000 01387nam a2200325 i 4500
003 EG-GICUC
005 20260121101721.0
008 260112s1989 ua ||||fr|||| 00| 0 ara d
017 _a89/3586
040 _a EG-GICUC
_bara
_c EG-GICUC
_d EG-GICUC
_erda
041 0 _aara
082 0 4 _a343.442
_bع ب . م
_221
092 0 4 _221
099 _aLaw1 10 343.442 ع ب . م 1989 1006407
100 0 _aعبد الرحيم صدقي.
_eمؤلف.
245 1 0 _aمشروعية القانون والقضاء العسكري في ضوء مبادئ الإجراءات الجنائية والنظرية العامة للحقوق والحريات دراسة تحليلية وتطبيقية للمشكلات الإجرائية الهامة /
_cدكتور عبد الرحيم صدقي.
264 1 _aالقاهرة :
_bدار النهضة العربية،
_c1989.
300 _a224 صفحة ؛
_c24 سم.
336 _2rda content
_atext
337 _2rda media
_aComputer
338 _2rda carrier
_aOnline Resource
504 _aيشتمل على ارجاعات ببليوجرافية.
546 _aالنص باللغة العربية
650 1 4 _aقانون العقوبات العسكري.
_2qrmak
650 1 4 _aالقانون الجنائي.
_2qrmak
651 1 _2qrmak
856 4 0 _uhttps://fll.law.cu.edu.eg/fulltext/bks/B10-06407.pdf
905 _a18
942 _2ddc
_cBK
_e21
_n0
999 _c56656
_d56656